000 01026nam a2200205Ia 4500
003 Ost
005 20260507075647.0
008 260507s9999||||xx |||||||||||||| ||und||
040 _cfsecg
041 _aara
082 _a330.121
100 _aرحاحلة، ابراهيم القاسم
_eمؤلف
245 0 _aمالية الدولة الإسلامية :
_bدراسة تحليلية ومقارنة بين المالية العامة في صدور الإسلام والمالية العامة الحديثة /
_c ابراهيم القاسم رحاحلة
260 _aالقاهرة:
_bمكتبة مدبولي,
_c1999
300 _a180 صفحة؛
_bإيضاحات ؛
_c24 سم
520 _aالموارد العامة الإسلامية- الزكاة- الغنائم- المصروفات العامة الإسلامية- موقف الفكر الإسلامي من مالية الدولة الحديثة.
653 _aالإقتصاد الإسلامي
653 _aالمالية في الإسلام
942 _cكتاب
999 _c45510
_d45510